00388nam a2200181Ia 4500003000900000008004100009040001300050040001300063041000800076100001700084100001000101245004800111250001400159260000800173260000900181300001000190490000600200IT-RoPAU120407s9999 xx 000 0 und d aIT-RoPAU cIT-RoPAU aita aJaime Camara ccard. aReflexoes para religiosa em viagem, 2 voll. aSao Paulo aFSP c1968 c15 cm v1